00933nam a2200241Ia 4500001000600000003000900006008004100015040001300056040001300069041001300082100001700095100002900112245002100141245002100162250001100183260001100194260001600205260004900221300004300270500032600313650002100639650003100660 2546IT-RoPAU130308s9999 xx 000 0 und d aIT-RoPAU cIT-RoPAU aITALIANO aGubern Roman gCodice Aut. SPICS: 5725 aCinema oggi (Il) bCinema Oggi (Il) a1a ed. aNOVARA bDe Agostini c1977 [1° Ed.:1977 - Ed.Ling.Originale:1973] a"128 p. (prefazione: no ; testo: 128)" aCinema nella Cultura Contemporanea Cinema e Narrativa Cinema Come Spettacolo Cinema di consumo e Cinema d'autore Evoluzione Morale del Cinema Contemporaneo Grandi registi del Cinema Contemporaneo futuro dell'Espressione Cinematografica Rivoluzione dell'Immagine Elettronica regista e Rivoluzione Democratica dell'Immagine aSAGGI SUL CINEMA eCodice materia Spics: 6811